People of India : (Record no. 65121)

MARC details
000 -LEADER
fixed length control field 00590nam a22001577a 4500
005 - DATE AND TIME OF LATEST TRANSACTION
control field 20120417130333.0
020 ## - INTERNATIONAL STANDARD BOOK NUMBER
International Standard Book Number 8170461243
Terms of availability 00.00
035 ## - SYSTEM CONTROL NUMBER
System control number A-712418
037 ## - SOURCE OF ACQUISITION
Stock number DPL
Source of stock number/acquisition ENG
245 ## - TITLE STATEMENT
Title People of India :
Remainder of title Mizoram /
Statement of responsibility, etc edited by K.S. Singh
250 ## - EDITION STATEMENT
Edition statement Vol. XXXIII
260 ## - PUBLICATION, DISTRIBUTION, ETC. (IMPRINT)
Place of publication, distribution, etc Calcutta
Name of publisher, distributor, etc Anthropological Survey of India
Date of publication, distribution, etc 1995
300 ## - PHYSICAL DESCRIPTION
Extent xvi, 219p.
Dimensions 22 cms.
942 ## - ADDED ENTRY ELEMENTS (KOHA)
Source of classification or shelving scheme Dewey Decimal Classification
Item type English Books
Classification part 305.095459
Call number suffix SIN
Holdings
Withdrawn status Lost status Not for loan Collection code Home library Current library Date acquired Cost, normal purchase price Full call number Barcode Cost, replacement price Koha item type
      Non-fiction Sarojini Nagar Sarojini Nagar 17/04/2012 0.00 305.095459 SIN A-712418 0.00 English Books

© Delhi Public Library
Hit Counter
free hit counter